000 00466nam a2200181Ia 4500
008 231217s9999 xx 000 0 und d
020 _a849319870
041 _aEnglish
082 _a620.3 DES;1 R
100 _aDe Silva, Clarence W
245 0 _aVibration : fundamentals and practice
250 _a2nd ed.
260 _c2007
_bTaylor & Francis
_aBoca Raton
300 _a1036
500 _aContent pages available
650 _aVibration,:
942 _cAA
999 _c178679
_d178679